000 00918nam0a22002891 4500
001 rc\4400075
005 20250612072427.0
021 _aRU
_b[63-85974]
035 _a(NLR Aleph) 008558062
090 _a8448119
_c8448119
100 _a20130416d1963 |||y0rusy50 ca
101 0 _arus
102 _aRU
105 _ay z |||||
200 1 _aУчит ли религия добру?
210 _aМахачкала
_cДагкнигоиздат
_d1963
215 _a9 с.
_d17
225 1 _aБиблиотечка агитатора-атеиста
300 _aНа обороте тит. л. сост.: И.А. Макатов
606 _aРелигиозная мораль
_2psbo
700 1 _aДзагурова
_bВ.П.
_gВера Павловна
702 1 _aМакатов
_bИ.А.
_4220
801 0 _aRU
_bNLR
_gpsbo
801 1 _aRU
_bELAR
_2rusmarc
852 _aNLR
_j63-2/3508
942 _cBOOK
980 _aNB